Normal view
MARC view
- SENSING IN VEHICLE APPLICATION SMART SENSORS FORCE SENSORS FUEL LEVEL SENSORS AIR FUEL RATIO SENSORS TORQUE SENSORS ENGINE KNOCK SENSORS GAS SENSORS TEMPERATURE SENSORS FLOW SENSORS SENSOR FOR VEHICLE DYNAMICS CONTROL LINEAR AND ANGLE POSITION SENSORS PRESSURE SENSORS
Entry Topical Term
001 - CONTROL NUMBER
- control field: 77558
003 - CONTROL NUMBER IDENTIFIER
- control field: NUST
005 - DATE AND TIME OF LATEST TRANSACTION
- control field: 20210628205935.0
008 - FIXED-LENGTH DATA ELEMENTS
- fixed length control field: 210628|| aca||aabn | a|a d
040 ## - CATALOGING SOURCE
- Original cataloging agency: NUST
- Transcribing agency: NUST
150 ## - HEADING--TOPICAL TERM
- Topical term or geographic name entry element: SENSING IN VEHICLE APPLICATION SMART SENSORS FORCE SENSORS FUEL LEVEL SENSORS AIR FUEL RATIO SENSORS TORQUE SENSORS ENGINE KNOCK SENSORS GAS SENSORS TEMPERATURE SENSORS FLOW SENSORS SENSOR FOR VEHICLE DYNAMICS CONTROL LINEAR AND ANGLE POSITION SENSORS PRESSURE SENSORS
670 ## - SOURCE DATA FOUND
- Source citation: Work cat.: (NUST): Jurgen, Ronald.K 9497, Sensors and transducers automotive electronics, 1997
